Descubrimiento precoz, asistencia social y recuperación en la tuberculosis del obrero / (Record no. 74363)

MARC details
000 -LEADER
campo de control de longitud fija 00762nam a2200205 i 4500
001 - NÚMERO DE CONTROL
campo de control 74363
003 - IDENTIFICADOR DE NÚMERO DE CONTROL
campo de control ES-MaACL
005 - FECHA Y HORA DE LA ÚLTIMA TRANSACCIÓN
campo de control 20230906172115.0
007 - CAMPO FIJO DE DESCRIPCIÓN FÍSICA--INFORMACIÓN GENERAL
campo de control de longitud fija t|
008 - DATOS DE LONGITUD FIJA--INFORMACIÓN GENERAL
campo de control de longitud fija 040917s1947 sp ||||1| spa d
100 1# - ENTRADA PRINCIPAL--NOMBRE DE PERSONA
Nombre de persona González Ribas, M.
9 (RLIN) 58907
245 10 - MENCIÓN DEL TÍTULO
Título Descubrimiento precoz, asistencia social y recuperación en la tuberculosis del obrero /
Mención de responsabilidad, etc. M. González Ribas.
260 ## - PUBLICACIÓN, DISTRIBUCIÓN, ETC.
Lugar de publicación, distribución, etc. Barcelona :
Nombre del editor, distribuidor, etc. Librería de Ciencias Médicas,
Fecha de publicación, distribución, etc. 1947 (
Fabricante Typus)
300 ## - DESCRIPCIÓN FÍSICA
Extensión 120 p., 12 lám. :
Otras características físicas il. ;
Dimensiones 23 cm.
490 1# - MENCIÓN DE SERIE
Mención de serie Tesis doctorales de medicina y cirugía. Colección española
502 ## - NOTA DE TESIS
Nota de tesis Tesis doctoral.
830 0# - PUNTO DE ACCESO ADICIONAL DE SERIE-TÍTULO UNIFORME
Título uniforme Tesis doctorales de medicina y cirugía. Colección española
9 (RLIN) 183441
852 ## - LOCALIZACIÓN
Ubicación ES-MaACL
Número de control de estantería C-4969
Sublocalización o colección R.25278
Holdings
Estatus retirado Estado de pérdida Estado de daño No para préstamo Biblioteca de origen Biblioteca actual Ubicación en estantería Fecha de adquisición Fuente de adquisición Total de préstamos Signatura topográfica completa Código de barras Visto por última vez Precio de reemplazo Tipo de ítem Koha
        Biblioteca del Ateneo de Madrid Biblioteca del Ateneo de Madrid Sala Palomar 17/01/2008     C-4969 1077843 23/02/2023 23/02/2023 Libro impreso